| 000 | 00367nam a2200145Ia 4500 | ||
|---|---|---|---|
| 008 | 240624s9999 xx 000 0 und d | ||
| 041 | _aeng | ||
| 082 | _a332.63221 CLA | ||
| 100 | _aCLATWORTHY MARK | ||
| 245 | _aTRANSNATIONAL EQUITY ANALYSIS | ||
| 250 | _a11 | ||
| 260 |
_c2005 _aEngland _bJohn Wiley & Sons |
||
| 300 | _axi, : 186 : p. : cm. ; 24 | ||
| 365 |
_c _b30 |
||
| 999 |
_c18006 _d18006 |
||